[Event "US Open"]
[Site "Framingham USA"]
[Date "2001.08.12"]
[Round "9"]
[White "Lapshun,Y"]
[Black "Yudasin,L"]
[Result "1/2-1/2"]
[WhiteElo "2413"]
[BlackElo "2562"]

1.d4 Nf6 2.c4 e6 3.Nc3 Bb4 4.Qc2 c5 5.dxc5 Qc7 6.Nf3 Bxc5 7.Bg5 a6 8.e3 Be7
9.Be2 d6 10.O-O Nbd7 11.Rfd1 b6 12.Rac1 Bb7 13.e4 O-O 14.b3 Rac8 15.Qb1 Rfe8
16.h3 Nc5 17.Bd3 Qb8 18.Re1 Ba8 19.Nd4 h6 20.Be3 Nxd3 21.Qxd3 Nd7 22.f3 Ne5
23.Qd2 Ng6 24.Red1 Bd8 25.a4 Nf8 26.Qf2 Nd7 27.Qd2 Be7 28.Kh1 Nc5 29.Rb1 Qc7
30.Kg1 Rcd8 31.Qc1 Bf6 32.Kh1 Qe7 33.Bf2 Rc8 34.Qd2 Red8 35.Qe1 Nd7 36.Rbc1 Rb8
37.Kg1 Ne5 38.Be3 g5 39.Qf2 Ng6 40.Nde2 Qc7 41.f4 gxf4 42.Nxf4 Bh4 43.Qe2 Nxf4
44.Bxf4 Bg5 45.Qg4 Kh7 46.Nd5 exd5 47.Qf5+ Kh8  1/2-1/2

[Event "Fall Futurity"]
[Site "New York USA"]
[Date "2001.10.20"]
[Round "2"]
[White "Bonin,J"]
[Black "Yudasin,L"]
[Result "1-0"]
[WhiteElo "2404"]
[BlackElo "2560"]

1.d4 Nf6 2.c4 e6 3.g3 d5 4.Nf3 Be7 5.Bg2 O-O 6.O-O c6 7.Nbd2 b6 8.Qc2 Ba6
9.b3 Nbd7 10.Bb2 Rc8 11.Rac1 c5 12.Qb1 dxc4 13.Nxc4 b5 14.Nce5 Qb6 15.Ng5 g6
16.dxc5 Nxc5 17.b4 Ncd7 18.Nc6 Bd6 19.Bd4 Qb7 20.Ne7+ Bxe7 21.Bxb7 Bxb7 22.Rxc8 Bxc8
23.Rc1 Nb6 24.Ne4  1-0

[Event "NCC"]
[Site "Philadelphia USA"]
[Date "2001.11.23"]
[Round "2"]
[White "Karklins,A"]
[Black "Yudasin,L"]
[Result "0-1"]
[WhiteElo "2384"]
[BlackElo "2560"]

1.e4 c5 2.Nf3 d6 3.d4 cxd4 4.Nxd4 Nf6 5.Nc3 a6 6.Qf3 Qb6 7.Nde2 e6 8.b3 Nbd7
9.Bb2 Qc7 10.O-O-O b5 11.a3 Bb7 12.Nf4 Rc8 13.Bd3 Ne5 14.Qe2 Be7 15.h4 O-O
16.Rh3 Nxd3+ 17.Qxd3 d5 18.e5 Qxe5 19.Ncxd5 Bxa3 20.Ne7+ Kh8 21.Bxa3 Rcd8
22.Bd6 Qa1+ 23.Kd2 Ne4+ 24.Ke2 Qf6 25.Qd4 Qxd4 26.Rxd4 Rxd6 27.Rxd6 Nxd6
28.Rd3 Ne4 29.Rd7 Rb8 30.b4 g6 31.Rc7 Nd6 32.Nc6 Rc8 33.Rxc8+ Bxc8 34.Nd3 Bb7
35.Nb8 Bxg2 36.Nxa6 Bd5 37.Ne5 f6 38.Nd7 Kg7 39.Nb6 Bc6 40.Nc5 e5 41.Ne6+ Kh6
42.Nd8 Be4 43.c3 Kh5 44.Nd7 f5 45.Nxe5 Kxh4 46.Ne6 Bd5 47.Nd4 Kg5 48.f3 f4
49.Kf2 h5 50.Nd7 Kh6 51.Ne5 g5 52.Kg1 Kg7 53.Kh2 Bf7 54.Kh3 Be8 55.Kg2 Kf6
56.Nd3 Bg6 57.Nf2 Bf5 58.Nd1 Bc8 59.Kf2 g4 60.Nb2 Bf5 61.Ne2 Kg5 62.Nd4 g3+
63.Kg1 h4 64.Ne2 h3 65.Nd4 Bg6 66.Nd1 Nc4 67.Ne6+ Kf5 68.Nd4+ Kf6 69.Kh1 Bd3
70.Kg1 h2+ 71.Kg2 Ne3+ 72.Nxe3 fxe3 73.f4 Be4+  0-1

[Event "NCC"]
[Site "Philadelphia USA"]
[Date "2001.11.24"]
[Round "3"]
[White "Yudasin,L"]
[Black "Kelleher,W"]
[Result "1-0"]
[WhiteElo "2560"]
[BlackElo "2388"]

1.e4 c5 2.Nf3 d6 3.c3 Nf6 4.Bd3 Nc6 5.Bc2 Bg4 6.d3 e6 7.h3 Bh5 8.Nbd2 Be7
9.Nf1 d5 10.Qe2 c4 11.dxc4 dxe4 12.Bxe4 Nxe4 13.Qxe4 Bg6 14.Qe3 Qc7 15.N1d2 Rd8
16.O-O Rd3 17.Qe2 O-O 18.Nb3 e5 19.Re1 Re8 20.Be3 e4 21.Nfd4 Nxd4 22.Bxd4 Qxc4
23.Bxa7 Qd5 24.Bd4 h5 25.Nc1 Rxd4 26.cxd4 Qxd4 27.Qb5 Rc8 28.Ne2 Qf6 29.Nc3 Bc5
30.Nxe4 Bxe4 31.Rxe4 Qxf2+ 32.Kh1 Rc6 33.Rf1 Qg3 34.Rf3 Qg5 35.Qe2 Kh7 36.Re5  1-0

[Event "NCC"]
[Site "Philadelphia USA"]
[Date "2001.11.25"]
[Round "5"]
[White "Yudasin,L"]
[Black "Ibragimov,I"]
[Result "1-0"]
[WhiteElo "2560"]
[BlackElo "2567"]

1.e4 e5 2.Nf3 Nc6 3.Bb5 a6 4.Ba4 Nf6 5.d3 d6 6.Nbd2 Be7 7.c3 O-O 8.O-O b5
9.Bc2 Re8 10.Re1 Bf8 11.h3 g6 12.d4 Bg7 13.d5 Ne7 14.a4 Bd7 15.c4 Nh5 16.Nb3 Rf8
17.Na5 bxc4 18.Nxc4 f5 19.exf5 Bxf5 20.Bxf5 Nxf5 21.Bg5 Bf6 22.Bd2 Ne7 23.Rc1 Qd7
24.b3 Bg7 25.Bg5 Nf4 26.Bxf4 Rxf4 27.Qd3 Bh6 28.Rc2 Raf8 29.Ncd2 a5 30.Re4 R4f5
31.Rec4 e4 32.Nxe4 Nxd5 33.Ng3 Nf4 34.Nxf5 Nxd3 35.Nxh6+ Kh8 36.Rxc7 Qe8
37.h4 Ne5 38.Nxe5 dxe5 39.Rd2 g5 40.Rdd7 Qg6 41.hxg5 Qb1+ 42.Kh2 Qe4 43.Rf7 Rd8
44.Rcd7 Rc8 45.Nf5 Qf4+ 46.Kh3  1-0

[Event "US Masters"]
[Site "Chicago USA"]
[Date "2002.03.02"]
[Round "5"]
[White "Yudasin,L"]
[Black "Blatny,P"]
[Result "1-0"]
[WhiteElo "2569"]
[BlackElo "2433"]

1.e4 e5 2.Bc4 Nf6 3.d3 c6 4.Nf3 d5 5.Bb3 Bd6 6.exd5 cxd5 7.O-O O-O 8.Bg5 e4
9.dxe4 dxe4 10.Nfd2 Qc7 11.Bxf6 gxf6 12.Nxe4 Bxh2+ 13.Kh1 Be5 14.Nbc3 Bf5
15.Nd5 Qd8 16.Qf3 Bxe4 17.Qxe4 Kh8 18.c3 Rg8 19.g3 Nd7 20.Bc2 Rg6 21.Kg2 Qg8
22.Rh1 Re8 23.Qf3 Rg7 24.Bxh7 Rxh7 25.Rxh7+ Kxh7 26.Rh1+ Kg7 27.Qg4+ Kf8
28.Qxd7 Re6 29.Qxb7 f5 30.Rh5 Qg6 31.Qc8+ Re8 32.Qxf5 Qc6 33.Qf3  1-0

[Event "30th World Open"]
[Site "Philadelphia USA"]
[Date "2002.07.04"]
[Round "6"]
[White "Summerscale,A"]
[Black "Yudasin,L"]
[Result "1-0"]
[WhiteElo "2503"]
[BlackElo "2564"]

1.d4 Nf6 2.c4 e6 3.Nc3 Bb4 4.f3 d5 5.a3 Be7 6.e4 c5 7.e5 Nfd7 8.cxd5 exd5
9.f4 cxd4 10.Qxd4 Nb6 11.Bd3 O-O 12.Nf3 f6 13.exf6 Bxf6 14.Qf2 Nc6 15.O-O Bxc3
16.bxc3 Qf6 17.Qc2 h6 18.Be3 Nc4 19.Bc5 Re8 20.Ne5 N6xe5 21.fxe5 Qc6 22.Qf2 Be6
23.Bd4 Rf8 24.Qg3 Rxf1+ 25.Rxf1 Qe8 26.Rf6 Kh8 27.Qh4 Qd7 28.Bf5 Re8 29.Rxe6 Rxe6
30.Qg4 Qb5 31.Bxe6 Qb1+ 32.Kf2 Qc2+ 33.Qe2 Qc1 34.Bxd5 Qf4+ 35.Qf3  1-0

[Event "Atlantic Open"]
[Site "Washington DC USA"]
[Date "2002.08.25"]
[Round "4"]
[White "Zaitshik,G"]
[Black "Yudasin,L"]
[Result "1/2-1/2"]
[WhiteElo "2413"]
[BlackElo "2573"]

1.Nf3 c5 2.c4 Nf6 3.Nc3 e6 4.d4 cxd4 5.Nxd4 a6 6.e4 d6 7.Be2 Be7 8.O-O O-O
9.Be3 Nc6 10.Qd2 Bd7 11.Rfd1 Rc8 12.Nxc6 Bxc6 13.f3 Qc7 14.Bf1 b6 15.Rac1 Qb8
16.b4 Rfd8 17.Qf2 Nd7 18.Rb1 Bf6 19.Bd4 b5 20.cxb5 axb5 21.a4 bxa4 22.b5 Bxd4
23.Qxd4 Bb7 24.Nxa4 d5 25.exd5 Bxd5 26.Qe3 Qd6 27.Rbc1  1/2-1/2

[Event "New York State-ch"]
[Site "Kerhonkson USA"]
[Date "2002.08.31"]
[Round "1"]
[White "Yudasin,L"]
[Black "Nilsson,Mar"]
[Result "1-0"]
[WhiteElo "2573"]
[BlackElo "2197"]

1.e4 Nf6 2.e5 Nd5 3.d4 d6 4.Nf3 Bg4 5.Be2 e6 6.c4 Nb6 7.Nc3 Be7 8.O-O O-O
9.Be3 d5 10.c5 Bxf3 11.gxf3 Nc8 12.f4 f5 13.b4 Rf7 14.Kh1 Nd7 15.Rg1 Nf8
16.Rb1 g6 17.Bf3 Rg7 18.Qb3 c6 19.b5 Bh4 20.bxc6 bxc6 21.Qa4 Ne7 22.Rb7 g5
23.Ne2 Qc8 24.Rgb1 Neg6 25.Rxg7+ Kxg7 26.fxg5 Nd7 27.Kg2 Ndf8 28.Ng3 f4 29.Nh5+ Kh8
30.Nxf4 Nxf4+ 31.Bxf4 Ng6 32.Be3 Qg8 33.Qxc6 Rf8 34.Bg4 Bxg5 35.Qxe6 Nh4+
36.Kh1 Bxe3 37.Qxg8+ Rxg8 38.fxe3 Rxg4 39.c6 Nf5 40.c7 Rg8 41.Rb8 Ne7 42.Rxg8+ Kxg8
43.e4 dxe4 44.d5  1-0

[Event "33rd NCC"]
[Site "Philadelphia USA"]
[Date "2002.12.01"]
[Round "5"]
[White "Rohde,M"]
[Black "Yudasin,L"]
[Result "0-1"]
[WhiteElo "2497"]
[BlackElo "2563"]

1.Nf3 Nf6 2.c4 e6 3.Nc3 b6 4.e4 Bb7 5.d3 d6 6.g3 g6 7.Bg2 Bg7 8.O-O c5 9.Rb1 O-O
10.b4 Nc6 11.a3 Rb8 12.Bd2 a6 13.b5 axb5 14.Nxb5 Ne8 15.Qc1 Nc7 16.Nc3 Ba8
17.Bh6 e5 18.Bg5 Qd7 19.Nd5 Nxd5 20.exd5 Na7 21.Bh6 b5 22.Bxg7 Kxg7 23.Qc3 Qc7
24.Nd2 bxc4 25.dxc4 Rxb1 26.Nxb1 f6 27.Nd2 Nc8 28.f4 Ne7 29.fxe5 fxe5 30.Rxf8 Kxf8
31.Qf3+ Kg7 32.Ne4 Ng8 33.Bh3 Qd8 34.a4 Bb7 35.Be6 Nf6 36.Ng5 Qa5 37.Nf7 Qe1+
38.Kg2 Ne4 39.Nd8 Ng5 40.Qg4 Qd2+ 41.Kf1 Ba6 42.h4 Nh3 43.Qxh3 Bxc4+ 44.Kg1 Qe1+
45.Kh2 Bf1 46.Qxf1 Qxf1 47.Bd7 c4 48.a5 Qf2+ 49.Kh3 Qe1 50.Ne6+ Kf6  0-1

[Event "43rd NY Masters"]
[Site "New York USA"]
[Date "2003.02.11"]
[Round "1"]
[White "Krush,I"]
[Black "Yudasin,L"]
[Result "1/2-1/2"]
[WhiteElo "2433"]
[BlackElo "2558"]

1.d4 Nf6 2.c4 e6 3.Nc3 Bb4 4.Qc2 O-O 5.a3 Bxc3+ 6.Qxc3 b6 7.Bg5 Ba6 8.e3 d6
9.Ne2 Nbd7 10.Qc2 c5 11.dxc5 bxc5 12.Nc3 Qb6 13.O-O-O Rab8 14.Rd2 Rfd8 15.Be2 Ne5
16.Bxf6 gxf6 17.Ne4 f5 18.Nf6+ Kg7 19.Nh5+ Kf8 20.f4 Nc6 21.Qc3 e5 22.Rhd1 Ke7
23.Ng3 Bc8 24.Bd3 Qb3 25.Qxb3 Rxb3 26.Bxf5 exf4 27.exf4 Rxg3 28.Bxc8 Re3
29.Bb7 Nd4 30.Rd3 Re2 31.Bd5 Rb8 32.b4 Rf2 33.b5 Rxf4 34.Re3+ Kf6 35.Rde1 Rf2
36.Re7 Nb3+ 37.Kb1 Nd2+ 38.Kc1 Nb3+  1/2-1/2

[Event "54th NY Masters"]
[Site "New York USA"]
[Date "2003.04.29"]
[Round "1"]
[White "Yudasin,L"]
[Black "Furdzik,R"]
[Result "1-0"]
[WhiteElo "2558"]
[BlackElo "2240"]

1.e4 c6 2.d4 d5 3.e5 Bf5 4.c3 e6 5.Be3 Qb6 6.Qb3 Nd7 7.Nd2 f6 8.f4 g5 9.Ngf3 gxf4
10.Bxf4 Bh6 11.Bxh6 Nxh6 12.exf6 Nxf6 13.Be2 Rg8 14.O-O Ne4 15.Nxe4 Bxe4
16.g3 Nf5 17.Ne5 O-O-O 18.Qxb6 axb6 19.Bg4 Kc7 20.Rf4 Rg7 21.Bxf5 exf5 22.Kf2 Kd6
23.Rh4 Re8 24.Ke3 c5 25.Rf1 b5 26.Rh6+ Re6 27.Rxe6+ Kxe6 28.Rf4 h5 29.Rh4 Rh7
30.Kf4 Kf6 31.dxc5 Re7 32.Nf3 Bc2 33.g4 Bd1 34.g5+ Kg7 35.Ne5  1-0

[Event "54th NY Masters"]
[Site "New York USA"]
[Date "2003.04.29"]
[Round "4"]
[White "Shahade,G"]
[Black "Yudasin,L"]
[Result "1/2-1/2"]
[WhiteElo "2441"]
[BlackElo "2558"]

1.e4 c5 2.Nf3 e6 3.d4 cxd4 4.Nxd4 a6 5.Nc3 Qc7 6.Be2 Nf6 7.O-O Be7 8.f4 d6
9.Bf3 Nc6 10.Kh1 O-O 11.Be3 Bd7 12.Qe1 Rfe8 13.Qg3 Bf8 14.Rad1 Rac8 15.Nb3 e5
16.f5 Kh8 17.Bg5 Be7 18.Bxf6 Bxf6 19.Rd2 Ne7 20.Rfd1 b5 21.Rxd6 Bc6 22.a3 a5
23.R6d2 b4 24.axb4 axb4 25.Ne2 Bb5 26.Ng1 h6 27.Be2 Bc6 28.Bd3 Bg5 29.Re2 Ng8
30.Nf3 Bf6 31.h3 Rcd8 32.Qe1 Qb6 33.Ra1 Ra8 34.Rxa8 Rxa8 35.Bc4 Ra7 36.Rd2 Qc7
37.Qe3 Be8 38.Bd5 Ra2 39.c4 bxc3 40.bxc3 Ra3 41.Rd3 Ne7 42.Nbd2 Nc8 43.c4 Ra1+
44.Kh2 Be7 45.Qf2 Ra2 46.Qg3 Bf6 47.c5 Rc2 48.Nc4 Qxc5 49.Ncxe5 Nd6 50.Ng4 Bb2
51.f6 Bb5 52.Rd1 Be2 53.Nge5 gxf6 54.Nxf7+ Nxf7 55.Bxf7 Qf8 56.Rd7 Bxf3 57.Qxf3 Be5+
58.Kg1 Qc5+ 59.Kh1 Rc1+ 60.Rd1 Qc2 61.Bb3 Rxd1+ 62.Qxd1 Qxd1+ 63.Bxd1  1/2-1/2

[Event "56th NY Masters"]
[Site "New York USA"]
[Date "2003.05.13"]
[Round "2"]
[White "Yudasin,L"]
[Black "Krush,I"]
[Result "1-0"]
[WhiteElo "2558"]
[BlackElo "2431"]

1.e4 c5 2.Nf3 d6 3.Bc4 Nf6 4.d3 Nc6 5.c3 g6 6.O-O Bg7 7.Bb3 O-O 8.Re1 e5
9.Nbd2 h6 10.Nf1 d5 11.Ng3 Be6 12.Ba4 dxe4 13.dxe4 Qc7 14.Bxc6 bxc6 15.Be3 c4
16.Qa4 Nd7 17.Rad1 Rfd8 18.h3 Qb7 19.Qc2 Qb5 20.Nf1 Nc5 21.Bxc5 Qxc5 22.Ne3 a5
23.Rxd8+ Rxd8 24.Rd1 Rf8 25.Qe2 Kh7 26.Nd2 f5 27.Nexc4 fxe4 28.b3 Bd5 29.Qe3 Qe7
30.Nxe4 a4 31.Ncd2 axb3 32.axb3 Rf4 33.c4 Be6 34.Nf3 Bf5 35.Ng3 Bc8 36.Re1 Rf8
37.Nxe5 Qd6 38.Nf3 c5 39.Ne4 Qb6 40.Nxc5 Rf5 41.Ne6  1-0

[Event "56th NY Masters"]
[Site "New York USA"]
[Date "2003.05.13"]
[Round "3"]
[White "Ehlvest,J"]
[Black "Yudasin,L"]
[Result "1/2-1/2"]
[WhiteElo "2587"]
[BlackElo "2558"]

1.d4 Nf6 2.c4 e6 3.Nc3 Bb4 4.e3 c5 5.a3 Bxc3+ 6.bxc3 Nc6 7.Bd3 O-O 8.e4 cxd4
9.cxd4 Nxd4 10.e5 Ne8 11.Bb2 Nf5 12.Nf3 d6 13.O-O dxe5 14.g4 e4 15.Bxe4 Qxd1
16.Rfxd1 Nfd6 17.Bd3 f6 18.c5 Nf7 19.Nd4 Nc7 20.Be4 Rb8 21.a4 a6 22.Ba3 Re8
23.Bb4 Nd5 24.Ba5 Ne5 25.h3 Nc6 26.Bb6 Nxd4 27.Rxd4 Bd7 28.Bxd5 exd5 29.Rxd5 Bc6
30.Rd4  1/2-1/2

[Event "57th NY Masters"]
[Site "New York USA"]
[Date "2003.05.20"]
[Round "2"]
[White "Blatny,P"]
[Black "Yudasin,L"]
[Result "1/2-1/2"]
[WhiteElo "2458"]
[BlackElo "2558"]

1.f4 d5 2.b3 Nf6 3.Bb2 g6 4.e3 Bg7 5.Be2 c5 6.Nf3 O-O 7.O-O Nc6 8.Ne5 Bd7
9.Bf3 Rc8 10.a4 Be6 11.Qe2 Qc7 12.Nxc6 Qxc6 13.d3 Qd7 14.Na3 Rfd8 15.Rad1 Bg4
16.e4 Bxf3 17.Qxf3 dxe4 18.dxe4 Qc6 19.Bxf6 Bxf6 20.Nb5 Qb6 21.e5 Bg7 22.c4 a6
23.Na3 f6 24.Nc2 fxe5 25.fxe5 Rf8 26.Qd5+ e6 27.Qd7 Qxb3 28.Qxe6+ Kh8 29.Rxf8+ Rxf8
30.Rf1 Qxc2 31.Rxf8+ Bxf8 32.Qf6+ Kg8 33.Qe6+ Kg7 34.Qf6+  1/2-1/2

[Event "57th NY Masters"]
[Site "New York USA"]
[Date "2003.05.20"]
[Round "3"]
[White "Yudasin,L"]
[Black "Wojtkiewicz,A"]
[Result "1-0"]
[WhiteElo "2558"]
[BlackElo "2566"]

1.e4 c5 2.Nf3 d6 3.c3 Nf6 4.Be2 g6 5.O-O Bg7 6.Re1 O-O 7.Bf1 Nc6 8.Na3 e5
9.d3 h6 10.Nc4 Re8 11.a4 Rb8 12.Bd2 d5 13.exd5 Nxd5 14.a5 b5 15.axb6 axb6
16.g3 b5 17.Ne3 Be6 18.Nxd5 Bxd5 19.Be3 Qd6 20.Nd2 Red8 21.Ne4 Bxe4 22.dxe4 Qxd1
23.Rexd1 Rxd1 24.Rxd1 c4 25.Bh3 b4 26.Bf1 Nd4 27.cxd4 exd4 28.Bf4 Rc8 29.b3 c3
30.g4 Ra8 31.e5 g5 32.Bg3 Ra3 33.Rxd4 Rxb3 34.Rd8+ Bf8 35.e6 fxe6 36.Bd6 Rb1
37.Rxf8+ Kg7 38.Rc8  1-0

[Event "57th NY Masters"]
[Site "New York USA"]
[Date "2003.05.20"]
[Round "4"]
[White "Bonin,J"]
[Black "Yudasin,L"]
[Result "0-1"]
[WhiteElo "2364"]
[BlackElo "2558"]

1.g3 c5 2.c4 g6 3.Nc3 Bg7 4.Bg2 Nc6 5.e3 e5 6.Nge2 Nge7 7.a3 O-O 8.O-O d6
9.Rb1 a5 10.d3 Rb8 11.Bd2 h6 12.Nd5 Bf5 13.Qc2 b5 14.cxb5 Rxb5 15.Nxe7+ Nxe7
16.b4 axb4 17.axb4 Qd7 18.bxc5 Rxc5 19.Qb3 Rfc8 20.Rfc1 Rxc1+ 21.Rxc1 Rxc1+
22.Nxc1 d5 23.Qb8+ Kh7 24.Qb3 Be6 25.Qa3 d4 26.exd4 exd4 27.Ne2 Bd5 28.Nf4 Bxg2
29.Kxg2 Qb7+ 30.Kg1 Nc6 31.Ng2 Ne5 32.Ne1 h5 33.Qb4 Qc6 34.Bf4 Ng4 35.Qc4 Qe8
36.Nf3 Qd7 37.h3 Nh6 38.Be5 f6 39.Qxd4 Qf5 40.Bf4 g5 41.Bxg5 fxg5 42.Qe4 Kg6
43.Qc6+ Bf6 44.d4 Nf7 45.h4 g4 46.Nd2 Kg7 47.Qc3 Qd5 48.Nb3 Nd6 49.Nc5 Nb5
50.Qe3 Nxd4 51.Ne4 Nf3+ 52.Kg2 Qd1  0-1

[Event "59th NY Masters"]
[Site "New York USA"]
[Date "2003.06.03"]
[Round "4"]
[White "Yudasin,L"]
[Black "Bonin,J"]
[Result "1-0"]
[WhiteElo "2558"]
[BlackElo "2364"]

1.e4 c6 2.d4 d6 3.Nf3 g6 4.c3 Nf6 5.Bd3 Bg7 6.O-O O-O 7.h3 Qc7 8.Bf4 Nh5
9.Bh2 e5 10.Nbd2 Nd7 11.Re1 b6 12.a4 a6 13.b4 Bb7 14.Nc4 Nf4 15.Bf1 Rad8
16.Qd2 Bh6 17.Qc2 f6 18.Rad1 d5 19.Ncd2 c5 20.Qa2 Kg7 21.Bxf4 Bxf4 22.exd5 cxb4
23.cxb4 Qd6 24.Nc4 Qxb4 25.dxe5 fxe5 26.Ncxe5 Nxe5 27.Nxe5 Bxd5 28.Qa1 Kg8
29.Ng4 Bd2 30.Rxd2 Qxd2 31.Re3 h5 32.Nf6+ Rxf6 33.Qxf6 Bf7 34.Re7 Rf8 35.Qxb6 a5
36.Ra7 Qd1 37.Qb5 Re8 38.Rd7 Qa1 39.Kh2 Re5 40.Qb8+ Re8 41.Qf4 Rf8 42.Rxf7  1-0

[Event "60th NY Masters"]
[Site "New York USA"]
[Date "2003.06.10"]
[Round "1"]
[White "Braylovsky,G"]
[Black "Yudasin,L"]
[Result "0-1"]
[WhiteElo "2327"]
[BlackElo "2558"]

1.e4 c5 2.Nf3 e6 3.d4 cxd4 4.Nxd4 a6 5.Nc3 b5 6.Be2 Bb7 7.a3 d6 8.O-O Nf6
9.f3 Be7 10.Be3 Nbd7 11.Qe1 Rc8 12.Rd1 O-O 13.g4 Ne5 14.g5 Nfd7 15.Qg3 Nc4
16.Bxc4 Rxc4 17.h4 g6 18.h5 b4 19.axb4 Rxb4 20.hxg6 hxg6 21.Kg2 Re8 22.Rh1 Bf8
23.Qh2 Bg7 24.Qxd6 Rxb2 25.Nde2 Bc8 26.Qa3 Rb8 27.Bf4 Rb6 28.Qa4 Qe7 29.Be3 Rb4
30.Qa3 Ne5 31.Na2 Nc4 32.Qxb4 Nxe3+ 33.Kf2 Nxd1+ 34.Rxd1 Qxg5 35.Qa4 Rf8
36.Nb4 Qc5+ 37.Kg2 Qc4 38.Rd3 Bb7 39.Qb3 Qc7 40.Qa4 a5 41.Rd7 Qc4 42.Ng3 Bc8  0-1

[Event "61st NY Masters"]
[Site "New York USA"]
[Date "2003.06.17"]
[Round "4"]
[White "Yudasin,L"]
[Black "Braylovsky,G"]
[Result "1-0"]
[WhiteElo "2558"]
[BlackElo "2327"]

1.e4 c5 2.Nf3 Nc6 3.Bb5 d6 4.Bxc6+ bxc6 5.O-O Bg4 6.c3 Nf6 7.Re1 Qb8 8.h3 Bxf3
9.Qxf3 Nd7 10.d4 cxd4 11.cxd4 Qb4 12.Rd1 e5 13.Na3 Be7 14.Nc2 Qb7 15.b3 O-O
16.Ba3 Rfd8 17.Qg3 Nf6 18.Re1 Nh5 19.Qf3 Nf4 20.Ne3 exd4 21.Nf5 Ne6 22.e5 Bf8
23.Bxd6 Qd7 24.Bxf8 Rxf8 25.Qxc6 Rfd8 26.Qxd7 Rxd7 27.Rac1 Rad8 28.Kf1 Nf4
29.Red1 Ng6 30.Rc5 h6 31.g3 Nf8 32.f4 Ne6 33.Rc6 h5 34.h4 g6 35.Nd6 Rb8 36.Ne4 Kf8
37.Ke2 Nd8 38.Nf6 Rdb7 39.Rd6 Kg7  1-0

[Event "31st World Open"]
[Site "Philadelphia USA"]
[Date "2003.07.05"]
[Round "7"]
[White "Ginsburg,M"]
[Black "Yudasin,L"]
[Result "0-1"]
[WhiteElo "2376"]
[BlackElo "2558"]

1.c4 c5 2.Nf3 Nf6 3.Nc3 b6 4.e4 d6 5.d4 cxd4 6.Nxd4 Bb7 7.Bd3 Nbd7 8.O-O e6
9.Qe2 Be7 10.b3 O-O 11.Bb2 a6 12.f4 Re8 13.Rad1 Qc7 14.Kh1 Bf8 15.Nf3 g6
16.Bb1 Rad8 17.Ng5 Bg7 18.e5 dxe5 19.fxe5 Nxe5 20.Rxd8 Rxd8 21.Nb5 axb5 22.Bxe5 Qe7
23.cxb5 h6 24.Nf3 Qc5 25.Qc4 Qxc4 26.bxc4 Rc8 27.Bd3 Nd7 28.Bd6 Nc5 29.Bxc5 Rxc5
30.Nd2 Rc8 31.Nb3 Rd8 32.Rd1 Bf8 33.Be2 Ra8 34.Rd2 Bb4 35.Rb2 Be4 36.Bf3 Rd8
37.Kg1 Bd3 38.c5 bxc5 39.b6 Bc3 40.Rf2 c4 41.Nc5 Bd4 42.Nxd3 Bxb6 43.Kf1 Bxf2
44.Nxf2 c3 45.Be4 Rd2 46.Ke1 f5 47.Bd3 Rxa2 48.Bc4 Rxf2  0-1

[Event "31st World Open"]
[Site "Philadelphia USA"]
[Date "2003.07.06"]
[Round "9"]
[White "Blatny,P"]
[Black "Yudasin,L"]
[Result "0-1"]
[WhiteElo "2458"]
[BlackElo "2558"]

1.f4 d5 2.b3 Nf6 3.Bb2 g6 4.e3 Bg7 5.Be2 O-O 6.c4 c5 7.cxd5 Nxd5 8.Bxg7 Kxg7
9.Qc2 b6 10.Nf3 Bb7 11.O-O Nc6 12.Nc3 f6 13.Nxd5 Qxd5 14.Qc3 Rac8 15.Rae1 Rc7
16.Rf2 Qd6 17.Ref1 Bc8 18.h3 Rd8 19.a3 Be6 20.Rc1 Bd5 21.Ne1 e5 22.fxe5 Nxe5
23.d4 Nf7 24.Nf3 Rc6 25.Rcf1 cxd4 26.Qxd4 Bxf3 27.Qb2  0-1

[Event "63rd NY Masters"]
[Site "New York USA"]
[Date "2003.07.08"]
[Round "1"]
[White "Yudasin,L"]
[Black "Belakovskaia,A"]
[Result "1-0"]
[WhiteElo "2558"]
[BlackElo "2291"]

1.e4 c5 2.Nf3 a6 3.c3 d5 4.exd5 Nf6 5.d4 Qxd5 6.Be2 Bg4 7.O-O e6 8.Be3 Nbd7
9.h3 Bh5 10.c4 Qd6 11.Nc3 Be7 12.Qd2 cxd4 13.Nxd4 Bxe2 14.Qxe2 O-O 15.Rfd1 Qc7
16.Rac1 Bc5 17.a3 a5 18.Ndb5 Qe5 19.Rd3 Bxe3 20.Rxe3 Qc5 21.Na4 Qc6 22.Rd1 Rac8
23.b3 Ne8 24.Na7 Qc7 25.Nxc8 Qxc8 26.Red3 Nc5 27.Rd8 Qc6 28.Nxc5 Qxc5 29.Qf3 Nd6
30.R1xd6  1-0

[Event "64th NY Masters"]
[Site "New York USA"]
[Date "2003.07.15"]
[Round "4"]
[White "Yudasin,L"]
[Black "Vovsha,E"]
[Result "1-0"]
[WhiteElo "2558"]
[BlackElo "2432"]

1.e4 d5 2.exd5 Qxd5 3.Nc3 Qa5 4.Nf3 Nf6 5.g3 c6 6.Bg2 Bg4 7.h3 Bh5 8.O-O e6
9.d4 Bd6 10.Ne2 O-O 11.c3 Nbd7 12.Nf4 Bxf3 13.Qxf3 e5 14.dxe5 Nxe5 15.Qd1 Rad8
16.Qc2 Ng6 17.Ne2 Rfe8 18.Nd4 Be5 19.Nf5 Nd5 20.a3 Nde7 21.Ne3 Qb5 22.Rd1 Bc7
23.Bf1 Qe5 24.Nc4 Qf6 25.Be3 a6 26.Rxd8 Rxd8 27.Rd1 Nf5 28.Rxd8+ Bxd8 29.Bc1 Bc7
30.Qe4 Nd6 31.Nxd6 Qxd6 32.Be3 Ne7 33.c4 Qd7 34.h4 h6 35.Kh2 Ng6 36.Bh3 Qd8
37.Kg2 Nf8 38.Bd4 Bd6 39.Bc3 Qe7 40.Qxe7 Bxe7 41.Bc8 b6 42.Bxa6 Ne6 43.b4 Kf8
44.Bc8 Nc7 45.a4 Ke8 46.Bxg7 Bxb4 47.Bxh6 Kd8 48.Bf5 Ke7 49.h5 Bc3 50.Be3 c5
51.g4 Ne8 52.f4  1-0

[Event "66th NY Masters"]
[Site "New York USA"]
[Date "2003.07.29"]
[Round "2"]
[White "Paehtz,E"]
[Black "Yudasin,L"]
[Result "1/2-1/2"]
[WhiteElo "2417"]
[BlackElo "2558"]

1.e4 c5 2.Nf3 d6 3.d4 cxd4 4.Nxd4 Nf6 5.Nc3 a6 6.Bg5 e6 7.f4 Qc7 8.Bxf6 gxf6
9.Be2 Nc6 10.Qd2 h5 11.O-O-O Bd7 12.Kb1 O-O-O 13.Qd3 Be7 14.Nxc6 Qxc6 15.Qh3 Qc5
16.Rhf1 Kb8 17.f5 Qe5 18.Bc4 Bc8 19.Bb3 Rdg8 20.Rde1 Bd8 21.Nd1 Ba5 22.Re3 Rg5
23.Nf2 exf5 24.Nd3 Qd4 25.exf5 Rxf5 26.Rxf5 Bxf5 27.Qxf5 Qxe3 28.Qxa5 Qg1+
29.Qe1 Qxg2 30.a4 Qxh2 31.Qe7 Rc8 32.Qxf6 h4 33.Nf4 h3 34.Ka2 Ka8 35.Qh6 f5
36.Nxh3 f4 37.Qh7 Rc5 38.Bd5 Rxd5 39.Qg8+ Ka7 40.Qxd5 Qxh3 41.Qd4+ Ka8 42.Qxf4  1/2-1/2

[Event "67th NY Masters"]
[Site "New York USA"]
[Date "2003.08.05"]
[Round "1"]
[White "Bosboom Lanchava,T"]
[Black "Yudasin,L"]
[Result "0-1"]
[WhiteElo "2309"]
[BlackElo "2558"]

1.d4 Nf6 2.c4 e6 3.Nc3 Bb4 4.Nf3 c5 5.d5 Bxc3+ 6.bxc3 Qa5 7.Bd2 d6 8.Qc2 O-O
9.Ng5 Re8 10.Ne4 Nxe4 11.Qxe4 Nd7 12.Qd3 Ne5 13.Qe4 Qa4 14.e3 exd5 15.Qxd5 Qa6
16.Rb1 Qxa2 17.Rd1 Be6 18.Qxd6 Bg4 19.f3 Rad8 20.Qc7 Rd7 21.Qxd7 Bxd7  0-1

[Event "67th NY Masters"]
[Site "New York USA"]
[Date "2003.08.05"]
[Round "3"]
[White "Braylovsky,G"]
[Black "Yudasin,L"]
[Result "0-1"]
[WhiteElo "2327"]
[BlackElo "2558"]

1.e4 c5 2.Nf3 e6 3.d4 cxd4 4.Nxd4 a6 5.Nc3 Qc7 6.g3 b5 7.Bg2 Bb7 8.O-O b4
9.Nb1 Nf6 10.Re1 d6 11.c3 bxc3 12.Nxc3 Be7 13.Be3 Nbd7 14.Rc1 Qb8 15.Nb3 Bd8
16.Qd2 O-O 17.Red1 Bc7 18.h3 Rd8 19.g4 Ne5 20.Bg5 Ng6 21.Bxf6 gxf6 22.Ne2 d5
23.Nc5 dxe4 24.Nd7 Rxd7 25.Qxd7 Bb6 26.Rd6 Qa7 27.Rxb6 Qxb6 28.Rc7 Ne5 29.Qe7 Bc6
30.Nf4 Re8 31.Qd6 Qxb2 32.Rxc6 Nxc6 33.Qxc6 Rd8 34.Qxe4 Qxa2 35.Nh5 Qa1+
36.Bf1 Qe5 37.Qf3 f5 38.g5 h6 39.Nf6+ Kg7 40.Qh5 Rh8 41.h4 Qf4 42.Bxa6 hxg5
43.Qxg5+ Qxg5+ 44.hxg5 Kg6 45.Nd7 Kxg5 46.Ne5 Rh7 47.Kg2 f6 48.Nd3 Rc7 49.Ne1 e5
50.Bd3 e4 51.Bb5 Rc1 52.Kf1 f4 53.Bd7 f3 54.Be6 Kf4 55.Bd5 Ke5 56.Bb7 f5
57.Ba6 Kd4 58.Bb7 Kc3  0-1

[Event "US Open"]
[Site "Los Angeles USA"]
[Date "2003.08.06"]
[Round "4"]
[White "Sevillano,E"]
[Black "Yudasin,L"]
[Result "0-1"]
[WhiteElo "2490"]
[BlackElo "2558"]

1.e4 c5 2.c3 Nf6 3.e5 Nd5 4.d4 cxd4 5.Nf3 Nc6 6.Bc4 e6 7.cxd4 d6 8.O-O Nb6
9.Bb5 Bd7 10.Nc3 dxe5 11.dxe5 Nb4 12.Qe2 Bxb5 13.Qxb5+ Qd7 14.Rd1 Qxb5 15.Nxb5 N4d5
16.Be3 a6 17.Nc7+ Nxc7 18.Bxb6 Nd5 19.Bd4 Be7 20.Rac1 Kd7 21.Kf1 Rhc8 22.g3 Rxc1
23.Rxc1 a5 24.Ke2 a4 25.a3 b5 26.Ne1 Rc8 27.Rxc8 Kxc8 28.Kd3 Kd7 29.Nc2 Kc6
30.f4 Bc5 31.Ke4 b4 32.axb4 Bxb4 33.Kd3 Kb5 34.h3 h5 35.Bf2 Bc5 36.Be1 h4
37.gxh4 Nxf4+ 38.Ke4 Nxh3  0-1

[Event "US Open"]
[Site "Los Angeles USA"]
[Date "2003.08.11"]
[Round "7"]
[White "Yudasin,L"]
[Black "Anderson,R"]
[Result "1-0"]
[WhiteElo "2558"]
[BlackElo "2254"]

1.e4 c5 2.Nf3 d6 3.Bc4 Nf6 4.d3 Nc6 5.Bb3 g6 6.c3 Bg7 7.O-O O-O 8.Re1 e5
9.Nbd2 h6 10.Nf1 Rb8 11.h3 b5 12.Ng3 Nd7 13.Be3 Nb6 14.d4 c4 15.Bc2 Qc7 16.Qd2 Kh7
17.Rad1 Rd8 18.Qc1 Nd7 19.Nh2 Ne7 20.f4 Ba6 21.Rf1 Rf8 22.a3 Rbd8 23.Rf2 Ng8
24.Nf3 Rde8 25.a4 Rb8 26.Qd2 Rbd8 27.Ra1 Nb6 28.axb5 Bxb5 29.Rff1 a6 30.Qf2 Nd7
31.Ne2 Rde8 32.g4 Ndf6 33.Ng3 Qb7 34.g5 exf4 35.Bxf4 Nxe4 36.Nxe4 Rxe4 37.Bxe4 Qxe4
38.Bxd6 Re8 39.gxh6 Bxh6 40.Rae1 Qd5  1-0

[Event "US Open"]
[Site "Los Angeles USA"]
[Date "2003.08.13"]
[Round "10"]
[White "Abrahamyan,T"]
[Black "Yudasin,L"]
[Result "0-1"]
[WhiteElo "2201"]
[BlackElo "2558"]

1.e4 c5 2.Nf3 e6 3.d4 cxd4 4.Nxd4 a6 5.Bd3 Bc5 6.Nb3 Ba7 7.Nc3 Nc6 8.Qe2 d6
9.Be3 b5 10.O-O Nf6 11.f4 Bxe3+ 12.Qxe3 b4 13.Na4 O-O 14.e5 Nd5 15.Qe4 g6
16.Nd2 a5 17.Nc4 dxe5 18.fxe5 Ba6 19.Rad1 Bb5 20.Ncb6 Bxa4 21.Nxa4 Qc7 22.Rfe1 Rad8
23.Rc1 Nde7 24.c3 Qa7+ 25.Kh1 Rd5 26.Bc4 Rxe5 27.Qf4 Qb8 28.Qf2 Rf5 29.Qe2 Rd8
30.Red1 Nd5 31.Nc5 Re5 32.Qf2 bxc3 33.bxc3 Nxc3 34.Re1 Nd5 35.Ne4 Rf5 36.Qc2 Nd4
37.Qd3 Nf6 38.Ng3 Rf2 39.Rf1 Ng4  0-1